00701nam a2200241 a 4500001001300000003000900013005001700022008004100039020001000080082001700090100002000107245004000127260003700167300000900204500003500213505002200248650001900270700002000289902000800309942000700317952011800324999001700442nice12345678IN_TiNIC20260116013416.0050524s1995 hyda grp 000 0 ara  ac11500a297.124bWAL aWaliullah, Shah aSharah Tarajim Abwaab Sahih Bukhari aHyderabadbDairatul Maarifc1995 a139p aincludes index and biblioraphy2 achronology, index aHadith-Bukhari1 aWaliullah, Shah bRHR cBK 001040708ReferHall-aHMIbHMId2007-08-07g115.00l0o297.124 WALp018828r2007-08-07v115.00w2005-05-24yBK c10879d10879